| 000 | 00766nmm a2200289 a 4500 | ||
|---|---|---|---|
| 003 | AR-BaBNM | ||
| 005 | 20251128203350.0 | ||
| 008 | 027019s1954 ||||||||||||||000 | spa|| | ||
| 040 | _cAR-BaBNM | ||
| 100 | 1 |
_aBello, Andrés _d1781-1865 |
|
| 245 | 1 | 0 | _aAntología de Andrés Bello |
| 260 |
_aCaracas _bKapelusz Venezolana _c1954 |
||
| 300 | 0 | _a220 p. | |
| 500 | 0 | _aContiene referencias bibliográficas en p. 219 | |
| 650 | 4 | _aLITERATURA LATINOAMERICANA | |
| 650 | 4 | _aSIGLO DIECINUEVE | |
| 650 | 4 | _aGRAMATICA | |
| 650 | 4 | _aPOESIA | |
| 650 | 4 | _aANTOLOGIAS | |
| 650 | 4 | _aHISTORIA | |
| 650 | 4 | _aFILOSOFIA LITERARIA | |
| 653 | 0 | _aLITERATURA VENEZOLANA | |
| 655 | _aLITERATURA | ||
| 700 | 1 |
_aGrases, Pedro _ecompilador |
|
| 942 | _cBK | ||
| 998 | _cMARTIN | ||
| 999 |
_c3051 _d3051 |
||